Statistiques concernant Lieux mythiques de la mythologie nordique

Cliquez ici pour prendre le quiz!

Statistiques générales

  • Ce quiz a été pris 470 fois
  • Le résultat moyen est 7 sur 12

Statistiques - réponses

DescriptionNom% Correct
Royaume des Ases, royaume des dieuxÁsgard
89%
Lieu où les valeureux guerriers défunts sont amenés (au sein du royaume des Ases)Valhalla
89%
Royaume du milieu, royaume des hommesMidgard
80%
Arbre Monde sur lequel reposent les 9 royaumesYggdrasil
73%
Royaume des mortsHelheim
67%
Royaume des géantsJötunheim
66%
Royaumes des VanesVanaheim
56%
Royaumes des elfes clairsÁlfheim
46%
Royaume du feuMuspellheim
45%
Royaume du froid, de la brume et de l'obscuritéNiflheim
40%
Royaumes des elfes sombresSvartalfheim
32%
Vaste gouffre séparant les royaumes du froid et du feuGinnungagap
21%

Distribution des résultats

Percentile par nombre de réponses

% des personnes avec chaque résultat

Votre développement - résultats

Vous n’avez pas pris ce quiz